000 00605nam a22001817a 4500
999 _c173222
_d173222
005 20200220131924.0
010 _aENG-127913
020 _c495.00
_a9789352301928
035 _aEN-111445
037 _bDBAD/PUB
082 _a621.37
100 _aG.N. Srinivas
245 _aElectrical and Electronic Measurements and Instrumentation
_cby G. N. Srinivas [and] S.Narasimha
260 _aHyderabad
_c2018
_bBSP Publications
270 _a4-4-309/316,Giriraj Lane,Sultan Bazar
_e500095
_bHyderabad
_minfo@bspbooks.net
300 _axxiv;545p.
_b24cm(pbk)
942 _2ddc
_cEN
_h621.37
_mSRI